茶与茶人:22则茶的故事,揭开茶的前世今生 (Record no. 322870)

000 -LEADER
fixed length control field 00398 a2200145 4500
020 ## - ISBN
ISBN 9789869324397
082 ## - 索书号 Call Number
分类号Classification number 974.7
作者号 Author number 4640
100 ## - 作者
作者 王旭烽 著
245 ## - 书名 TITLE
书名Title 茶与茶人:22则茶的故事,揭开茶的前世今生
250 ## - 版本 EDITION STATEMENT
版本叙述 Edition statement 初版;平装
260 ## - 出版项PUBLICATION, DISTRIBUTION, ETC. (IMPRINT)
出版社 Name of publisher 漫游者文化事业股份有限公司
出版日期 Date of publication 2016
出版地 Place of publication 新北市
300 ## - 稽核项 PHYSICAL DESCRIPTION
页数 Number of Pages 278页
尺寸 Dimensions 23公分
500 ## - 一般附注 GENERAL NOTE
附注 General note
942 ## - ADDED ENTRY ELEMENTS (KOHA)
Koha item type Books
Holdings
Source of classification or shelving scheme Not for loan Permanent Location Current Location Shelving location Date acquired Source of acquisition Cost, normal purchase price Full call number Barcode Cost, replacement price Koha item type
    LIBRARY CHUNG HWA HIGH SCHOOL MUAR LIBRARY CHUNG HWA HIGH SCHOOL MUAR 9 艺术类(一楼) 2026-03-25 68.50 974.7 4640 050251 137.00 Books

Powered by Koha